Typology of counter-terrorism strategies : (Record no. 52794)

MARC details
000 -LEADER
fixed length control field 01225nam a22002897a 4500
005 - DATE AND TIME OF LATEST TRANSACTION
control field 20110608112544.0
008 - FIXED-LENGTH DATA ELEMENTS--GENERAL INFORMATION
fixed length control field 110608t xxu||||| |||| 00| 0 eng d
010 ## - LCCN (DPL NO)
LC control number ENG-102573
020 ## - INTERNATIONAL STANDARD BOOK NUMBER
International Standard Book Number 9789380502274
Terms of availability 425.00
035 ## - SYSTEM CONTROL NUMBER
System control number EN-86106
037 ## - SOURCE OF ACQUISITION
Source of stock number/acquisition DBAD / PUB
040 ## - CATALOGING SOURCE
Original cataloging agency dpl
Language of cataloging English
082 ## - DEWEY DECIMAL CLASSIFICATION NUMBER
Classification number 363.32517
100 ## - MAIN ENTRY--PERSONAL NAME
Personal name Priyedarshi, Vinita
9 (RLIN) 28493
245 ## - TITLE STATEMENT
Title Typology of counter-terrorism strategies :
Statement of responsibility, etc by Vinita Priyedarshi.
Remainder of title a comparative study of India and Israel /
260 ## - PUBLICATION, DISTRIBUTION, ETC. (IMPRINT)
Place of publication, distribution, etc New Delhi
Name of publisher, distributor, etc KW Publishers
Date of publication, distribution, etc 2010
270 ## - ADDRESS
Address 4676/21, First Floor, Ansari Road, Daryaganj
City New Delhi
Postal code 110002
Telephone number 91.11.23263498/43528107
300 ## - PHYSICAL DESCRIPTION
Extent xv, 150 p. :
Dimensions 23cm (pbk)
Other physical details ill., maps
500 ## - GENERAL NOTE
General note Includes bibliographical references (p. [139]-150).
650 ## - SUBJECT ADDED ENTRY--TOPICAL TERM
9 (RLIN) 28496
Topical term or geographic name as entry element Terrorism
Geographic subdivision India
General subdivision Prevention.
650 ## - SUBJECT ADDED ENTRY--TOPICAL TERM
Topical term or geographic name as entry element Terrorism |
Geographic subdivision Israel
9 (RLIN) 28525
General subdivision Prevention.
650 ## - SUBJECT ADDED ENTRY--TOPICAL TERM
Topical term or geographic name as entry element Terrorism
General subdivision Government policy
9 (RLIN) 28526
Geographic subdivision India
650 ## - SUBJECT ADDED ENTRY--TOPICAL TERM
Topical term or geographic name as entry element Terrorism
General subdivision Government policy
9 (RLIN) 28527
Geographic subdivision Israel
700 ## - ADDED ENTRY--PERSONAL NAME
9 (RLIN) 28520
942 ## - ADDED ENTRY ELEMENTS (KOHA)
Source of classification or shelving scheme Dewey Decimal Classification
Item type English Books
Classification part 363.32517
Call number suffix PRI
Holdings
Withdrawn status Lost status Source of classification or shelving scheme Damaged status Not for loan Collection code Home library Current library Date acquired Source of acquisition Cost, normal purchase price Total Checkouts Full call number Barcode Date last seen Copy number Cost, replacement price Koha item type
    Dewey Decimal Classification   Not For Loan Non-fiction D.B.Act.Division D.B.Act.Division 08/06/2011 DBAD/PUB 425.00   363.32517 PRI EN-86106 08/06/2011 1 425.00 English Books

© Delhi Public Library
Hit Counter
free hit counter